[Event "Madrid-chT 1516"]
[Site "Madrid"]
[Date "2016.01.10"]
[Round "5.34"]
[White "Martin Duque, Jesus"]
[Black "Morona Minguez, Irene"]
[Result "1-0"]
[WhiteElo "2347"]
[BlackElo "2000"]
[PlyCount "37"]
[EventDate "2015.11.22"]
[EventType "team-tourn"]
[EventRounds "14"]
[EventCountry "ESP"]
[SourceTitle "EXT 2017"]
[Source "ChessBase"]
[SourceDate "2016.10.25"]
[SourceVersion "1"]
[SourceVersionDate "2016.10.25"]
[SourceQuality "1"]
[WhiteTeam "Collado Villalba"]
[BlackTeam "Vallecas CDV"]
[WhiteTeamCountry "ESP"]
[BlackTeamCountry "ESP"]

1. e4 c5 2. Nf3 e6 3. c3 d5 4. e5 Nc6 5. d4 Qc7 6. a3 Nge7 7. b4 cxd4 8. cxd4 Nf5 9. Bb2 Be7 10. Nc3 0-0 11. Rc1 a6 12. h4 f6 13. g4 fxe5 14. gxf5 exd4 15. Nxd4 Qe5+ 16. Nce2 Qe4 17. Nxc6 Bxb4+ 18. Nxb4 Qxh1 19. Rc7 1-0

[Event "Madrid-chT 1516"]
[Site "Madrid"]
[Date "2015.11.29"]
[Round "2.16"]
[White "Morona Minguez, Irene"]
[Black "Lopez Aldana, Houari Raul"]
[Result "0-1"]
[WhiteElo "2000"]
[BlackElo "1963"]
[PlyCount "122"]
[EventDate "2015.11.22"]
[EventType "team-tourn"]
[EventRounds "14"]
[EventCountry "ESP"]
[SourceTitle "EXT 2017"]
[Source "ChessBase"]
[SourceDate "2016.10.25"]
[SourceVersion "1"]
[SourceVersionDate "2016.10.25"]
[SourceQuality "1"]
[WhiteTeam "Vallecas CDV"]
[BlackTeam "La Casa del Ajedrez"]
[WhiteTeamCountry "ESP"]
[BlackTeamCountry "ESP"]

1. e4 e5 2. Nf3 Nc6 3. Bb5 a6 4. Ba4 Nf6 5. 0-0 Be7 6. Re1 b5 7. Bb3 d6 8. c3 0-0 9. d4 Bg4 10. Be3 exd4 11. cxd4 Na5 12. Bc2 c5 13. Nbd2 cxd4 14. Bxd4 Nc6 15. Be3 d5 16. exd5 Nb4 17. Bb3 Nd3 18. Rf1 Nxd5 19. Ne4 Nxe3 20. fxe3 Bf5 21. Ng3 Bg6 22. Qe2 Bc5 23. Rfd1 Re8 24. Nf1 Nf4 25. Qf2 Qb6 26. Nd4 Ne6 27. Ng3 Nxd4 28. exd4 Be7 29. Rac1 Rac8 30. Rxc8 Rxc8 31. Rf1 Bf6 32. Rd1 Rd8 33. d5 Qxf2+ 34. Kxf2 Bxb2 35. Ne2 Kf8 36. Nf4 Bf5 37. Nd3 Ba3 38. Ne5 Bc5+ 39. Kf1 Bd6 40. Nc6 Re8 41. h3 h5 42. Rd2 Bg3 43. Rd1 Re3 44. Kg1 Be4 45. Nd4 Ke7 46. Rc1 Kd6 47. Rf1 Re1 48. Rxe1 Bxe1 49. Kf1 Bc3 50. Ne2 Be5 51. g4 hxg4 52. hxg4 a5 53. a4 bxa4 54. Bxa4 Bxd5 55. Kf2 Kc5 56. Nc1 Bc4 57. Ke3 Kb4 58. Be8 Kc3 59. Ne2+ Kb2 60. Nd4 Bxd4+ 61. Kxd4 Bb3 0-1

[Event "Madrid-chT 1314"]
[Site "Madrid"]
[Date "2013.12.15"]
[Round "4.46"]
[White "Lopez del Alamo, Antonio"]
[Black "Morona Minguez, Irene"]
[Result "1-0"]
[WhiteElo "2281"]
[BlackElo "1983"]
[PlyCount "73"]
[EventDate "2013.11.16"]
[EventType "team-tourn"]
[EventRounds "14"]
[EventCountry "ESP"]
[SourceTitle "EXT 2015"]
[Source "ChessBase"]
[SourceDate "2014.11.20"]
[SourceVersion "1"]
[SourceVersionDate "2014.11.20"]
[SourceQuality "1"]
[WhiteTeam "Villalba 64"]
[BlackTeam "Vallecas CDV"]
[WhiteTeamCountry "ESP"]
[BlackTeamCountry "ESP"]

1. e4 c5 2. Nf3 Nc6 3. Bb5 Nf6 4. Bxc6 dxc6 5. d3 Bg4 6. Nbd2 e6 7. h3 Bh5 8. b3 Bd6 9. Bb2 Bc7 10. Qe2 Qe7 11. 0-0-0 0-0-0 12. g4 Bg6 13. Ne5 Ne8 14. f4 f6 15. Nxg6 hxg6 16. Qf2 e5 17. f5 g5 18. h4 gxh4 19. Rxh4 Rxh4 20. Qxh4 Nd6 21. Rh1 Nb5 22. Qf2 Rg8 23. a4 Nd6 24. Qxc5 Bb6 25. Qa3 Qd7 26. Nf3 g6 27. Kb1 gxf5 28. gxf5 Kc7 29. Rh6 Ne8 30. Qb4 a5 31. Qc4 Rg7 32. Nxe5 Rg1+ 33. Ka2 fxe5 34. Bxe5+ Kc8 35. Rh8 Bc7 36. Bb2 Rf1 37. Qg8 1-0

[Event "Collado Villalba op 30th"]
[Site "Collado Villalba"]
[Date "2013.08.29"]
[Round "7"]
[White "Morona Minguez, Irene"]
[Black "Calleja Sanchez, Alfredo Jesus"]
[Result "0-1"]
[WhiteElo "1997"]
[BlackElo "1898"]
[PlyCount "88"]
[EventDate "2013.08.23"]
[EventType "swiss"]
[EventRounds "9"]
[EventCountry "ESP"]
[SourceTitle "CBM 156 Extra"]
[Source "ChessBase"]
[SourceDate "2013.10.22"]
[SourceVersion "1"]
[SourceVersionDate "2013.10.22"]
[SourceQuality "1"]

1. e4 d6 2. d4 g6 3. Bc4 Nf6 4. Nc3 Bg7 5. Bf4 c6 6. a4 Qa5 7. f3 Be6 8. Bxe6 fxe6 9. Qd2 h6 10. Nge2 Nbd7 11. Be3 Nf8 12. b4 Qc7 13. Rb1 g5 14. g4 Ng6 15. Bf2 0-0 16. Qd3 Nh7 17. Bg3 Nf4 18. Nxf4 gxf4 19. Bf2 Ng5 20. h4 Nf7 21. Kd2 d5 22. e5 Bxe5 23. dxe5 Nxe5 24. Qe2 Nc4+ 25. Ke1 e5 26. Nd1 a5 27. b5 cxb5 28. Rxb5 e6 29. Qd3 Qg7 30. Rg1 Rac8 31. h5 Rc6 32. Qg6 Qxg6 33. hxg6 Kg7 34. Rxb7+ Kxg6 35. c3 e4 36. fxe4 dxe4 37. Nb2 e3 38. Bh4 f3 39. Rf1 Nd2 40. Nd3 Nc4 41. Rh1 Rd6 42. Nb2 f2+ 43. Bxf2 exf2+ 44. Ke2 Rd2+ 0-1

[Event "Collado Villalba op 30th"]
[Site "Collado Villalba"]
[Date "2013.08.28"]
[Round "6"]
[White "Dapica Tejada, Ruben"]
[Black "Morona Minguez, Irene"]
[Result "1/2-1/2"]
[WhiteElo "1730"]
[BlackElo "1997"]
[PlyCount "94"]
[EventDate "2013.08.23"]
[EventType "swiss"]
[EventRounds "9"]
[EventCountry "ESP"]
[SourceTitle "CBM 156 Extra"]
[Source "ChessBase"]
[SourceDate "2013.10.22"]
[SourceVersion "1"]
[SourceVersionDate "2013.10.22"]
[SourceQuality "1"]

1. c4 Nf6 2. g3 g6 3. Bg2 Bg7 4. Nc3 d6 5. e4 0-0 6. Nge2 Nc6 7. 0-0 Be6 8. d3 Qc8 9. Nf4 Bd7 10. Nfd5 Bh3 11. Bg5 Bxg2 12. Kxg2 h6 13. Be3 Ng4 14. h3 Nxe3+ 15. fxe3 Qd8 16. d4 e6 17. Nf4 e5 18. Nfe2 exd4 19. exd4 Ne7 20. Qb3 b6 21. Rf2 Kh7 22. Raf1 f5 23. Qc2 Qd7 24. Qd3 Rfe8 25. Nf4 Bh8 26. Nxg6 Kxg6 27. exf5+ Kf7 28. Qd1 Bf6 29. Qh5+ Kg7 30. Rf4 Ng8 31. Qg6+ Kh8 32. Nd5 Rf8 33. Re1 Qf7 34. Nxf6 Qxf6 35. Qxf6+ Nxf6 36. Re7 c5 37. g4 Rfe8 38. Rxe8+ Rxe8 39. Kf3 Kg7 40. dxc5 dxc5 41. h4 Re1 42. g5 Ne8 43. f6+ Kf7 44. Re4 Rxe4 45. Kxe4 h5 46. Kd5 Nc7+ 47. Ke5 Ne8 1/2-1/2

[Event "Benasque op 33rd"]
[Site "Benasque"]
[Date "2013.07.04"]
[Round "1"]
[White "Morona Minguez, Irene"]
[Black "Rodshtein, Maxim"]
[Result "0-1"]
[WhiteElo "1988"]
[BlackElo "2641"]
[PlyCount "78"]
[EventDate "2013.07.04"]
[EventType "swiss"]
[EventRounds "10"]
[EventCountry "ESP"]
[SourceTitle "CBM 155 Extra"]
[Source "ChessBase"]
[SourceDate "2013.08.26"]
[SourceVersion "1"]
[SourceVersionDate "2013.08.26"]
[SourceQuality "1"]

1. e4 c5 2. Nf3 a6 3. c3 e6 4. d4 d5 5. e5 Bd7 6. Bd3 Nc6 7. a3 Rc8 8. 0-0 Qb6 9. dxc5 Bxc5 10. b4 Bf8 11. Nbd2 Qc7 12. Re1 Nge7 13. c4 Rd8 14. Bb2 Bc8 15. Qc2 dxc4 16. Nxc4 Nd5 17. Rac1 h6 18. Be4 Qb8 19. Red1 Be7 20. Nd4 Nxd4 21. Bxd4 0-0 22. Bc5 Bxc5 23. bxc5 Ne7 24. Nd6 Qc7 25. Rb1 Nc6 26. Bxc6 Qxc6 27. Rb6 Qc7 28. Rdb1 Qe7 29. c6 bxc6 30. Rxc6 Bd7 31. Rc7 Qg5 32. Qc5 Bb5 33. h3 Bd3 34. Rc1 Rb8 35. Qd4 Bg6 36. Rd1 Rb3 37. Kh2 Rxa3 38. Ra1 Rd3 39. Qb2 Rd2 0-1

[Event "Madrid San Viator op 19th"]
[Site "Madrid"]
[Date "2012.11.04"]
[Round "7"]
[White "Morona Minguez, Irene"]
[Black "Sierra Soria, Maria"]
[Result "0-1"]
[WhiteElo "1952"]
[BlackElo "1795"]
[PlyCount "52"]
[EventDate "2012.09.23"]
[EventType "swiss"]
[EventRounds "9"]
[EventCountry "ESP"]
[SourceTitle "EXT 2013"]
[Source "ChessBase"]
[SourceDate "2012.11.22"]
[SourceVersion "1"]
[SourceVersionDate "2012.11.22"]
[SourceQuality "1"]

1. e4 e5 2. Nf3 Nc6 3. Bb5 a6 4. Ba4 Nf6 5. 0-0 Nxe4 6. d4 b5 7. Bb3 d5 8. dxe5 Be6 9. Nbd2 Nc5 10. Re1 Be7 11. Nf1 0-0 12. Bf4 Nxb3 13. axb3 Qd7 14. Qd2 f6 15. Rad1 Rae8 16. c4 Bb4 17. Qd3 Bxe1 18. cxd5 Nb4 19. Qe4 Bxf2+ 20. Kxf2 Nxd5 21. Ne3 c6 22. exf6 Nxf6 23. Qc2 Qc8 24. Kg1 Ng4 25. Nxg4 Bxg4 26. Ng5 Qf5 0-1

[Event "Madrid San Viator op 19th"]
[Site "Madrid"]
[Date "2012.09.30"]
[Round "2"]
[White "Del Castillo Lopez, Rafael"]
[Black "Morona Minguez, Irene"]
[Result "0-1"]
[WhiteElo "1729"]
[BlackElo "1952"]
[PlyCount "130"]
[EventDate "2012.09.23"]
[EventType "swiss"]
[EventRounds "9"]
[EventCountry "ESP"]
[SourceTitle "EXT 2013"]
[Source "ChessBase"]
[SourceDate "2012.11.22"]
[SourceVersion "1"]
[SourceVersionDate "2012.11.22"]
[SourceQuality "1"]

1. Nf3 Nf6 2. c4 g6 3. d4 Bg7 4. Nc3 0-0 5. e4 d6 6. Bd3 c5 7. d5 Na6 8. a3 Nc7 9. 0-0 Rb8 10. Rb1 Bg4 11. h3 Bd7 12. Nh2 b5 13. f4 b4 14. axb4 Rxb4 15. e5 Nfe8 16. Nf3 Qb8 17. Qc2 Na6 18. Bd2 Rb6 19. Ne2 Nb4 20. Bxb4 Rxb4 21. b3 dxe5 22. Nxe5 Bxe5 23. fxe5 Qxe5 24. Nc3 Nd6 25. Rbe1 Qg5 26. Rf3 Bf5 27. Na4 Rc8 28. Qc3 Rb7 29. Ree3 Bxd3 30. Qxd3 Nf5 31. Re1 Nd4 32. Rg3 Qf6 33. Rf1 Qd6 34. b4 Rxb4 35. Nc3 Rb3 36. Re3 a5 37. Qd1 Rb4 38. Nb5 Nxb5 39. cxb5 Rxb5 40. Rfe1 Rb7 41. Qe2 a4 42. Rxe7 Rxe7 43. Qxe7 Qxe7 44. Rxe7 Rd8 45. Ra7 Rxd5 46. Rxa4 Kg7 47. Rc4 Kf6 48. Kf2 Re5 49. g4 Ke6 50. Kf3 Kd5 51. Rf4 f5 52. Ra4 fxg4+ 53. hxg4 Re7 54. Ra1 c4 55. Rc1 Kd4 56. Kf4 c3 57. Rd1+ Kc4 58. Kg5 c2 59. Rh1 Kb3 60. Kf6 Rc7 61. Rh3+ Kb4 62. Rh1 c1Q 63. Rxc1 Rxc1 64. Kg7 Rh1 65. g5 Kc5 0-1

[Event "Madrid-chT 1112 Promociones"]
[Site "Madrid"]
[Date "2012.03.25"]
[Round "2.16"]
[White "Morona Minguez, Irene"]
[Black "Mena Borras, Mario"]
[Result "1/2-1/2"]
[WhiteElo "1901"]
[BlackElo "2105"]
[PlyCount "84"]
[EventDate "2012.03.18"]
[EventType "team"]
[EventRounds "2"]
[EventCountry "ESP"]
[SourceTitle "EXT 2014"]
[Source "ChessBase"]
[SourceDate "2013.11.20"]
[SourceVersion "1"]
[SourceVersionDate "2013.11.20"]
[SourceQuality "1"]
[WhiteTeam "Vallecas CDV"]
[BlackTeam "Blanco y Negro"]
[WhiteTeamCountry "ESP"]
[BlackTeamCountry "ESP"]

1. e4 e6 2. d4 d5 3. Nc3 Nf6 4. e5 Nfd7 5. f4 c5 6. Nf3 Nc6 7. Be3 Be7 8. Qd2 cxd4 9. Nxd4 Nxd4 10. Bxd4 a6 11. Qf2 f6 12. Bd3 fxe5 13. fxe5 Rf8 14. Qe2 g6 15. 0-0-0 Nc5 16. Bxc5 Bxc5 17. h4 Rf2 18. Qg4 Qe7 19. Rhf1 Bd7 20. Rxf2 Bxf2 21. h5 g5 22. Qf3 Bc5 23. Rf1 0-0-0 24. Qf7 Rf8 25. Qxf8+ Qxf8 26. Rxf8+ Bxf8 27. Bxh7 Bg7 28. Bg8 Bxe5 29. Ne2 Bg7 30. c3 Kc7 31. Nd4 Kd6 32. Kd1 e5 33. Nf3 Bg4 34. Ke1 Bxh5 35. Nxg5 Bh6 36. Nf7+ Bxf7 37. Bxf7 Bc1 38. b3 Kc5 39. Ke2 a5 40. Kd3 b5 41. b4+ axb4 42. cxb4+ Kxb4 1/2-1/2

[Event "Madrid-chT 1112 Promociones"]
[Site "Madrid"]
[Date "2012.03.18"]
[Round "1.16"]
[White "Aguado Solana, Juan"]
[Black "Morona Minguez, Irene"]
[Result "0-1"]
[WhiteElo "2060"]
[BlackElo "1901"]
[PlyCount "119"]
[EventDate "2012.03.18"]
[EventType "team"]
[EventRounds "2"]
[EventCountry "ESP"]
[SourceTitle "EXT 2014"]
[Source "ChessBase"]
[SourceDate "2013.11.20"]
[SourceVersion "1"]
[SourceVersionDate "2013.11.20"]
[SourceQuality "1"]
[WhiteTeam "Blanco y Negro"]
[BlackTeam "Vallecas CDV"]
[WhiteTeamCountry "ESP"]
[BlackTeamCountry "ESP"]

1. e4 c5 2. Nf3 e6 3. d4 cxd4 4. c3 dxc3 5. Nxc3 d6 6. Bc4 Be7 7. 0-0 Nc6 8. Bf4 e5 9. Be3 Be6 10. Bd5 Nf6 11. Qa4 Qd7 12. b4 0-0 13. b5 Nd8 14. Rfd1 Bg4 15. Ne2 Bxf3 16. gxf3 Qh3 17. Ng3 Nxd5 18. Rxd5 Ne6 19. Nf5 Bg5 20. Qd1 Bf4 21. Ng3 f5 22. Qf1 Qh6 23. Rad1 fxe4 24. Bxf4 Qxf4 25. Rxd6 Ng5 26. fxe4 Qg4 27. Kg2 Qf3+ 28. Kg1 Qg4 29. Kg2 Nf3 30. Qc4+ Kh8 31. Qe6 Nh4+ 32. Kf1 Qf3 33. R1d2 Qg2+ 34. Ke2 Qxf2+ 35. Kd1 Qg1+ 36. Kc2 Qc5+ 37. Kd1 Nf3 38. Nf5 Nxd2 39. Qe7 Qg1+ 40. Kxd2 Qxh2+ 41. Kd3 Qh3+ 42. Kc4 Rac8+ 43. Kd5 Qd3+ 44. Kxe5 Qc3+ 45. Kf4 Qc7 46. Qe5 Rce8 47. Qd4 Rd8 48. e5 Rxd6 49. exd6 Qd7 50. Qe5 h6 51. Ke4 Re8 52. Ne7 a6 53. bxa6 bxa6 54. Kd5 Rb8 55. a4 Rb7 56. a5 Rb8 57. Ke4 Re8 58. Kd5 Rb8 59. Kc4 Qa4+ 60. Kd5 0-1

[Event "Madrid-ch Previa-A"]
[Site "Madrid"]
[Date "2012.02.13"]
[Round "4"]
[White "Morona Minguez, Irene"]
[Black "Roldan Garcia, Angel"]
[Result "1-0"]
[WhiteElo "1901"]
[BlackElo "1762"]
[PlyCount "107"]
[EventDate "2012.02.06"]
[EventType "swiss"]
[EventRounds "9"]
[EventCountry "ESP"]
[SourceTitle "CBM 147 Extra"]
[Source "ChessBase"]
[SourceDate "2012.04.24"]
[SourceVersion "1"]
[SourceVersionDate "2012.04.24"]
[SourceQuality "1"]

1. e4 c5 2. Nf3 e6 3. d4 cxd4 4. Nxd4 Nc6 5. Nc3 Qc7 6. f4 Nxd4 7. Qxd4 a6 8. Be2 b5 9. a3 Bb7 10. Be3 Rc8 11. 0-0 Nf6 12. Kh1 Bc5 13. Qd3 Bxe3 14. Qxe3 d5 15. e5 Nd7 16. Rae1 0-0 17. Bd3 Nc5 18. f5 Nxd3 19. cxd3 exf5 20. Rxf5 Qd7 21. Rf4 Qe7 22. d4 b4 23. axb4 Qxb4 24. Qf2 Qe7 25. Na4 Rc6 26. Nc5 Bc8 27. Rf1 Be6 28. Qe2 Qa7 29. Qf3 Qe7 30. h3 Rb6 31. b3 Rc6 32. Qe2 Qa7 33. R1f2 a5 34. Qa2 Rcc8 35. b4 a4 36. Qa3 Ra8 37. Kh2 Bd7 38. Ra2 Bb5 39. Qf3 Bc4 40. Ra3 Qb6 41. Nd7 Qxb4 42. Nxf8 Rxf8 43. Qc3 Qxc3 44. Rxc3 Bb3 45. Rf1 g6 46. Rfc1 Bc4 47. Ra3 Ra8 48. Rb1 Kg7 49. Rb4 Re8 50. Raxa4 f6 51. Ra7+ Kg8 52. exf6 Rf8 53. Rbb7 Rxf6 54. Rb8+ 1-0

[Event "Collado Villalba op 28th"]
[Site "Collado Villalba"]
[Date "2011.08.26"]
[Round "4"]
[White "Garcia Sanchez Navarro, Mariano"]
[Black "Morona Minguez, Irene"]
[Result "0-1"]
[WhiteElo "1573"]
[BlackElo "1930"]
[PlyCount "48"]
[EventDate "2011.08.23"]
[EventType "swiss"]
[EventRounds "9"]
[EventCountry "ESP"]
[SourceTitle "CBM 144 Extra"]
[Source "ChessBase"]
[SourceDate "2011.10.28"]
[SourceVersion "1"]
[SourceVersionDate "2011.10.28"]
[SourceQuality "1"]

1. c4 Nf6 2. Nc3 g6 3. e4 d6 4. Nge2 Bg7 5. g3 Nbd7 6. Bg2 Ne5 7. d3 h5 8. Bg5 Bg4 9. 0-0 Nf3+ 10. Kh1 Nxg5 11. f3 Bh3 12. Qd2 Bh6 13. Bxh3 Nxh3 14. f4 Ng4 15. Nd1 h4 16. Kg2 Qd7 17. Qc3 0-0-0 18. d4 Bg7 19. Qa5 hxg3 20. Qxa7 Qc6 21. Nxg3 Qxc4 22. Re1 Nxf4+ 23. Kf3 Nxh2+ 24. Kxf4 Bh6# 0-1

[Event "Collado Villalba op 28th"]
[Site "Collado Villalba"]
[Date "2011.08.25"]
[Round "3"]
[White "Morona Minguez, Irene"]
[Black "Ramos Aldoradin, John Paul"]
[Result "0-1"]
[WhiteElo "1930"]
[BlackElo "2159"]
[PlyCount "74"]
[EventDate "2011.08.23"]
[EventType "swiss"]
[EventRounds "9"]
[EventCountry "ESP"]
[SourceTitle "CBM 144 Extra"]
[Source "ChessBase"]
[SourceDate "2011.10.28"]
[SourceVersion "1"]
[SourceVersionDate "2011.10.28"]
[SourceQuality "1"]

1. e4 e6 2. d4 d5 3. Nc3 Nf6 4. e5 Nfd7 5. f4 c5 6. Nf3 Nc6 7. Be3 cxd4 8. Nxd4 Bc5 9. Qd2 0-0 10. 0-0-0 a6 11. Nb3 Bb4 12. Bd3 b5 13. h4 Nb6 14. g4 Na4 15. g5 Nxc3 16. bxc3 Ba3+ 17. Kb1 Rb8 18. Qe2 Qc7 19. Qh5 g6 20. Qh6 d4 21. cxd4 Rd8 22. Nc5 Bxc5 23. dxc5 Bb7 24. h5 Nb4 25. hxg6 fxg6 26. Rh3 Bg2 27. Rh2 Be4 28. Rdh1 Nxd3 29. cxd3 Rxd3 30. Kb2 Bxh1 31. Qh3 Be4 32. c6 Rxe3 33. Qxe3 Qxc6 34. Qa7 Qb7 35. Qc5 Rc8 36. Qd4 Qc6 37. Qe3 b4 0-1

[Event "ESP-ch (Women)"]
[Site "Padron"]
[Date "2011.08.01"]
[Round "1"]
[White "Morona Minguez, Irene"]
[Black "Hernandez Estevez, Yudania"]
[Result "0-1"]
[WhiteElo "1930"]
[BlackElo "2252"]
[PlyCount "54"]
[EventDate "2011.08.01"]
[EventType "swiss"]
[EventRounds "7"]
[EventCountry "ESP"]
[SourceTitle "CBM 143 Extra"]
[Source "ChessBase"]
[SourceDate "2011.08.29"]
[SourceVersion "1"]
[SourceVersionDate "2011.08.29"]
[SourceQuality "1"]

1. e4 e5 2. Nf3 Nc6 3. Bb5 f5 4. Nc3 Nf6 5. d4 fxe4 6. Nxe5 Bb4 7. 0-0 0-0 8. Bg5 Bxc3 9. bxc3 Qe8 10. Bxf6 Rxf6 11. Bc4+ Kh8 12. f4 d6 13. Ng4 Bxg4 14. Qxg4 Ne7 15. d5 c6 16. Rad1 Qf7 17. Qd7 b5 18. Bb3 c5 19. Qxb5 Rxf4 20. Qb7 Rf8 21. Bc4 Rf2 22. Qxa7 e3 23. Qd7 Qg6 24. Rxf2 exf2+ 25. Kf1 Nf5 26. Rd3 Qg4 27. Qe6 Qxc4 0-1

[Event "Madrid-ch sf-B"]
[Site "Madrid"]
[Date "2011.01.28"]
[Round "6"]
[White "Marcos Herrero, Francisco"]
[Black "Morona Minguez, Irene"]
[Result "1/2-1/2"]
[WhiteElo "1891"]
[BlackElo "1911"]
[PlyCount "98"]
[EventDate "2011.01.14"]
[EventType "swiss"]
[EventRounds "9"]
[EventCountry "ESP"]
[SourceTitle "CBM 140 Extra"]
[Source "ChessBase"]
[SourceDate "2011.03.01"]
[SourceVersion "1"]
[SourceVersionDate "2011.03.01"]
[SourceQuality "1"]

1. d4 Nf6 2. Nf3 g6 3. g3 Bg7 4. Bg2 0-0 5. 0-0 d6 6. Nc3 Nbd7 7. e4 e5 8. a4 c6 9. h3 exd4 10. Nxd4 Nc5 11. Bg5 h6 12. Bf4 Re8 13. Re1 Nh5 14. Be3 Ne6 15. a5 Ng5 16. Kh2 Nf6 17. Qd3 Qe7 18. f3 Qd7 19. h4 Ne6 20. Bh3 Qe7 21. Nxe6 Bxe6 22. Rad1 Rad8 23. Bxa7 Bxh3 24. Kxh3 Nh5 25. Bb6 Rd7 26. Bd4 Be5 27. Ne2 Bxg3 28. Kg2 Bxe1 29. Rxe1 Qxh4 30. Rh1 Qg5+ 31. Kf2 Qxa5 32. Bc3 Qc5+ 33. Ke1 Ra8 34. b3 Rad8 35. Bd4 Qb5 36. Qc3 c5 37. Bf6 Ra8 38. Rxh5 gxh5 39. Qe3 Kh7 40. Qf4 Rg8 41. Qf5+ Rg6 42. Nf4 Qa5+ 43. Kd1 Qc7 44. Nd5 Qc6 45. Bc3 Kg8 46. Nf6+ Rxf6 47. Qxf6 Kf8 48. Qxh6+ Ke8 49. Qh8+ Ke7 1/2-1/2

[Event "Madrid-ch sf-B"]
[Site "Madrid"]
[Date "2011.01.15"]
[Round "2"]
[White "Morona Minguez, Irene"]
[Black "Bermejo Arruego, Luis"]
[Result "0-1"]
[WhiteElo "1911"]
[BlackElo "2194"]
[PlyCount "112"]
[EventDate "2011.01.14"]
[EventType "swiss"]
[EventRounds "9"]
[EventCountry "ESP"]
[SourceTitle "CBM 140 Extra"]
[Source "ChessBase"]
[SourceDate "2011.03.01"]
[SourceVersion "1"]
[SourceVersionDate "2011.03.01"]
[SourceQuality "1"]

1. e4 c5 2. Nf3 Nc6 3. d4 cxd4 4. Nxd4 g6 5. c4 Nf6 6. Nc3 Nxd4 7. Qxd4 d6 8. Bg5 Bg7 9. Be2 0-0 10. Qd2 Be6 11. Rc1 Re8 12. Bh6 Rc8 13. b3 Qa5 14. h4 Bxh6 15. Qxh6 Nxe4 16. h5 Bf5 17. g4 Nxc3 18. Qd2 Qe5 19. Qxc3 Qxc3+ 20. Rxc3 Be4 21. f3 Bc6 22. hxg6 hxg6 23. Rh6 Kg7 24. g5 Rh8 25. Re3 Rc7 26. Rxh8 Kxh8 27. Kd2 Kg7 28. b4 b6 29. a3 Bb7 30. Bd3 f6 31. f4 e5 32. gxf6+ Kxf6 33. Rg3 e4 34. Be2 d5 35. cxd5 Bxd5 36. Rg5 Be6 37. Bb5 Rh7 38. Be8 Bf5 39. Rg3 Rh2+ 40. Ke3 Rh8 41. Bc6 Rd8 42. Bb5 Rd1 43. Ke2 Rb1 44. Bc6 Rb2+ 45. Ke3 Rb3+ 46. Kf2 Rb2+ 47. Ke3 Ke6 48. Be8 Rb3+ 49. Kf2 Rxg3 50. Kxg3 Kd5 51. Bf7+ Kd4 52. Kf2 e3+ 53. Kf3 Kd3 54. Be8 Be4+ 55. Kg4 Kd2 56. Bb5 Bd3 0-1